Architektonická študentská súťaž Saint-Gobain 2022, Varšava, Poľsko

Salvato in:
Dettagli Bibliografici
Autore principale: Kubica, Peter (Autore)
Altri autori: Nádaská, Zuzana (Relatore della tesi)
Natura: Manoscritto Libro
Lingua:slovacco
Pubblicazione: 2022
Soggetti:
Accesso online:http://is.stuba.sk/zp/portal_zp.pl?podrobnosti=164907
https://opac.crzp.sk/?fn=detailBiblioForm&sid=D9F0BB0A8DA992698AA397D31B33
Tags: Aggiungi Tag
Nessun Tag, puoi essere il primo ad aggiungerne!!

MARC

LEADER 00000ntm a22000003a 4500
001 stuzp88942
003 SK-STU
005 20230509084027.6
007 ta
008 150427s2015----xo-----f-mn---000-0-slo-d
040 |a STU  |b slo 
041 0 |a slo 
100 1 |a Kubica, Peter  |u 010310  |4 aut  |U SvF Stavebná fakulta  |T SvF Katedra architektúry  |X 87353  |U V181|V310  |Y 19  |7 87353 
242 0 1 |a Architectural Student Contest Saint-Gobain 2022, Warsaw, Poland  |y eng 
245 1 0 |a Architektonická študentská súťaž Saint-Gobain 2022, Varšava, Poľsko 
260 |c 2022 
650 4 |a internát  |2 slo 
650 4 |a Varšava  |2 slo 
650 4 |a študentské bývanie  |2 slo 
650 4 |a Warsaw  |2 eng 
650 4 |a student house  |2 eng 
650 4 |a dormitory  |2 eng 
700 1 |a Nádaská, Zuzana  |u 010310  |k Z1  |4 ths  |U SvF Stavebná fakulta  |T SvF Katedra architektúry  |X 790  |U V181|V310  |Y 19  |7 A000000790 
856 4 |u http://is.stuba.sk/zp/portal_zp.pl?podrobnosti=164907 
856 4 |u https://opac.crzp.sk/?fn=detailBiblioForm&sid=D9F0BB0A8DA992698AA397D31B33